Statistics for Biggest Cities in West Virginia on a Map

Click here to take the quiz!

General Stats

  • This quiz has been taken 390 times
  • The average score is 7 of 10

Answers on the Map

Answers color-coded by a green-red scale on the quiz's map according to % correct below.
 

Answer Stats

PopulationCity% Correct
47,215Charleston
100%
46,048Huntington
87%
30,955Morgantown
83%
26,771Wheeling
83%
29,675Parkersburg
71%
16,183Beckley
63%
17,465Martinsburg
63%
18,449Weirton
55%
15,480Clarksburg
54%
18,411Fairmont
53%

Score Distribution

Percentile by Number Answered

Percent of People with Each Score

Your Score History

You have not taken this quiz